000
00271nam a22001217a 4500
020
_a
NA
082
_2
22
_a
658.15
100
_a
Png Ivan.
245
_a
Managerial Economics /
260
_a
Black well,
_b
Black well,
_c
c1998
300
_a
571 p,;
_b
NA
_c
24cm
942
_2
ddc
_c
GEN
999
_c
1740
_d
1740